[Event "Cienfuegos Province-ch final"]
[Site "Cienfuegos"]
[Date "2018.10.23"]
[Round "8"]
[White "Brito Zamora, Alberto"]
[Black "Garcia Fernandez, Luis Andy"]
[Result "0-1"]
[WhiteElo "1999"]
[BlackElo "1945"]
[PlyCount "74"]
[EventDate "2018.10.15"]
[EventType "tourn"]
[EventRounds "9"]
[EventCountry "CUB"]
[SourceTitle "EXT 2021"]
[Source "ChessBase"]
[SourceDate "2020.10.23"]
[SourceVersion "1"]
[SourceVersionDate "2020.10.23"]
[SourceQuality "1"]

1. c4 f5 2. d4 e6 3. Nf3 Nf6 4. g3 d5 5. cxd5 exd5 6. Bg2 Bb4+ 7. Nc3 c6 8. 0-0 0-0 9. Bg5 h6 10. Bxf6 Qxf6 11. Qb3 Bd6 12. e4 fxe4 13. Nxe4 Qd8 14. Rae1 Be7 15. Ne5 Qb6 16. Ng6 Bb4 17. Re3 Rd8 18. a3 Bf8 19. Qxb6 axb6 20. Nc3 Nd7 21. Rfe1 Nf6 22. Nxf8 Kxf8 23. h3 Bd7 24. f4 Re8 25. Kf2 Rxe3 26. Rxe3 Re8 27. Na4 Rxe3 28. Kxe3 b5 29. Nc5 Bc8 30. g4 h5 31. g5 Ne8 32. Bf1 Nd6 33. Kd3 b6 34. Nb3 Nc4 35. Kc3 Ne3 36. Be2 h4 37. Kd3 Ng2 0-1

[Event "Cienfuegos Province-ch final"]
[Site "Cienfuegos"]
[Date "2018.10.18"]
[Round "4"]
[White "Lopez Suarez, Manuel Alejandro"]
[Black "Garcia Fernandez, Luis Andy"]
[Result "0-1"]
[WhiteElo "1776"]
[BlackElo "1945"]
[PlyCount "144"]
[EventDate "2018.10.15"]
[EventType "tourn"]
[EventRounds "9"]
[EventCountry "CUB"]
[SourceTitle "EXT 2021"]
[Source "ChessBase"]
[SourceDate "2020.10.23"]
[SourceVersion "1"]
[SourceVersionDate "2020.10.23"]
[SourceQuality "1"]

1. e4 e6 2. d4 d5 3. Nc3 Nf6 4. exd5 exd5 5. Bd3 Bd6 6. Bg5 c6 7. Qf3 h6 8. Bxf6 Qxf6 9. Qxf6 gxf6 10. 0-0-0 Be6 11. Re1 Nd7 12. Bf5 Nf8 13. Bd3 Kd7 14. h3 Ng6 15. g3 h5 16. h4 Rae8 17. a3 Ne7 18. Kb1 Nf5 19. Nf3 Bc7 20. Na4 b6 21. Nc3 b5 22. Nxb5 cxb5 23. Bxb5+ Kd6 24. Bxe8 Rxe8 25. Re2 Rb8 26. c3 Nh6 27. Nd2 Kd7 28. Kc1 Bg4 29. Ree1 Bd6 30. Rhg1 Bf5 31. Re2 Ng4 32. Rg2 Bd3 33. Re1 f5 34. f3 Nf6 35. Re3 Ba6 36. Re1 Bd3 37. Re3 Ba6 38. Re1 Rg8 39. Reg1 Re8 40. Kd1 Bd3 41. Rh1 f4 42. gxf4 Bxf4 43. Nb3 Bg6 44. Nc5+ Kc6 45. Re1 Rxe1+ 46. Kxe1 Nd7 47. Nxd7 Kxd7 48. Kf2 a5 49. Rg1 a4 50. Re1 Bf5 51. Rh1 Kc6 52. Ke1 Kb5 53. Kd1 Kc4 54. Rg1 Kb3 55. Rg2 Bh3 56. Rf2 Bg3 57. Rd2 Be6 58. Rg2 Bxh4 59. Kc1 Be7 60. Rg8 h4 61. Rb8+ Kc4 62. Rh8 h3 63. Kd2 Bg5+ 64. Ke2 Bf4 65. Rh4 Bg3 66. Rh8 Kb3 67. Kd2 Kxb2 68. Ra8 h2 69. Rh8 Bf4+ 70. Kd1 Kxa3 71. Kc2 Bf5+ 72. Kd1 Kb3 0-1